000 00301nam a22001217a 4500
008 170204b xxu||||| |||| 00| 0 eng d
041 _aeng
080 _a61
100 _a3
101 _aSHM
245 _aFUTURE OF A CONSEQUENCE/ THE MANAGER'S ROLE IN HEALTH SERVICES
_cFILERMAN, G.L
942 _2udc
_cBK
999 _c4648
_d4648